Statistics for -Ay Words

Click here to take the quiz!

General Stats

  • This quiz has been taken 16 times
  • The average score is 8 of 15

Answer Stats

HintAnswer% Correct
24 HoursDay
100%
12:00 p.m.Midday
93%
Monday, Thursday, TuesdayWeekday
73%
Sound that a horse or a donkey makesBray
67%
To worship a religious leaderPray
67%
Arrangement, assortmentArray
53%
“When it’s real, you can’t walk ___”Away
53%
A presentation of writing containing at least one paragraphEssay
53%
A day of celebrationHoliday
53%
A flat plate with walled edgesTray
53%
In verb form, means to scatterSpray
47%
To wither, to warpDecay
33%
Interjection of excitementHooray
27%
To present, to act asPortray
20%
To pay less than expectedUnderpay
13%

Score Distribution

Percentile by Number Answered

Percent of People with Each Score

Your Score History

You have not taken this quiz